00482 2200193 4500001002100000005001500021008004100036020002500077035001900102041000700121082000800128090001400136100001700150245002800167260003000195300003100225500001000256650002200266INLIS00000000000317120241224112655241224||||||||| | ||| |||| || |  a(13) 978-979-780-531 0010-1224003171 aid0 a813 a813 RAD m0 aRaditya Dika00aManusia Setengah Salmon aJakartabGagasMediac2013 aviii,264 hlm.:ilus.;20 cm. aCet.1 0aIlmu Kesusastraan